Les maisons valyriennes dans Game of Thrones - Statistiques

Statistiques générales
  • Ce quiz a été pris 81 fois
  • Le résultat moyen est 2 sur 10
Statistiques - réponses
Maisons valyriennes % Correct
Targaryen
100%
Velaryon
69%
Baratheon
33%
Celtigar
29%
Feunoyr
6%
Qoherys
4%
Cheveux-pâles
0%
Longzeaux
0%
Rogare
0%
Vrayfeu
0%
Aucun quiz correspondant
Distribution des résultats
% des personnes avec chaque résultat
Percentile par nombre de réponses
Votre historique - résultats
Vous n’avez pas pris ce quiz